<?xml version="1.0" encoding="UTF-8"?>
<record
    xmlns:xsi="http://www.w3.org/2001/XMLSchema-instance"
    xsi:schemaLocation="http://www.loc.gov/MARC21/slim http://www.loc.gov/standards/marcxml/schema/MARC21slim.xsd"
    xmlns="http://www.loc.gov/MARC21/slim">

  <leader>00904nam a22002537a 4500</leader>
  <controlfield tag="005">20141210020002.0</controlfield>
  <controlfield tag="008">150813s2007    ck     fr     000 0 spa d</controlfield>
  <datafield tag="020" ind1=" " ind2=" ">
    <subfield code="a">9789589712863</subfield>
  </datafield>
  <datafield tag="041" ind1=" " ind2=" ">
    <subfield code="a">spa</subfield>
  </datafield>
  <datafield tag="044" ind1=" " ind2=" ">
    <subfield code="a">ck</subfield>
  </datafield>
  <datafield tag="082" ind1="0" ind2=" ">
    <subfield code="a">637.3</subfield>
    <subfield code="b">A265a</subfield>
  </datafield>
  <datafield tag="245" ind1="0" ind2=" ">
    <subfield code="a">Agenda prospectiva de investigaci&#xF3;n y desarrollo tecnol&#xF3;gico para la cadena l&#xE1;ctea colombiana.</subfield>
    <subfield code="c">Francisco Jos&#xE9; Mojica ...[et al.]</subfield>
  </datafield>
  <datafield tag="260" ind1=" " ind2=" ">
    <subfield code="a">Bogot&#xE1;</subfield>
    <subfield code="b">Ministerio de Agricultura y Desarrollo Rural</subfield>
    <subfield code="c">2007</subfield>
  </datafield>
  <datafield tag="300" ind1=" " ind2=" ">
    <subfield code="a">168 p.</subfield>
    <subfield code="b">il.</subfield>
    <subfield code="c">24 cm.</subfield>
  </datafield>
  <datafield tag="650" ind1="1" ind2=" ">
    <subfield code="a">Productos l&#xE1;cteos</subfield>
    <subfield code="z">Colombia</subfield>
    <subfield code="9">1612</subfield>
  </datafield>
  <datafield tag="650" ind1="1" ind2=" ">
    <subfield code="a">Quesos</subfield>
    <subfield code="x">Industria</subfield>
    <subfield code="z">Colombia</subfield>
    <subfield code="9">1613</subfield>
  </datafield>
  <datafield tag="650" ind1="1" ind2=" ">
    <subfield code="a">Industria lechera</subfield>
    <subfield code="z">Colombia</subfield>
    <subfield code="9">1614</subfield>
  </datafield>
  <datafield tag="650" ind1="1" ind2=" ">
    <subfield code="a">Arequipe</subfield>
    <subfield code="x">Industria</subfield>
    <subfield code="z">Colombia</subfield>
    <subfield code="9">1615</subfield>
  </datafield>
  <datafield tag="700" ind1="1" ind2=" ">
    <subfield code="a">Mojica, Francisco Jos&#xE9;</subfield>
    <subfield code="9">1616</subfield>
  </datafield>
  <datafield tag="700" ind1="1" ind2=" ">
    <subfield code="a">Trujillo-Cabezas, Ra&#xFA;l</subfield>
    <subfield code="9">1617</subfield>
  </datafield>
  <datafield tag="700" ind1="1" ind2=" ">
    <subfield code="a">Castellanos, Daisy L.</subfield>
    <subfield code="9">1618</subfield>
  </datafield>
  <datafield tag="700" ind1="1" ind2=" ">
    <subfield code="a">Bernal, Nathaly</subfield>
    <subfield code="9">1619</subfield>
  </datafield>
  <datafield tag="942" ind1=" " ind2=" ">
    <subfield code="2">ddc</subfield>
    <subfield code="c">Impreso</subfield>
    <subfield code="0">1</subfield>
  </datafield>
  <datafield tag="999" ind1=" " ind2=" ">
    <subfield code="c">7576</subfield>
    <subfield code="d">7576</subfield>
  </datafield>
  <datafield tag="952" ind1=" " ind2=" ">
    <subfield code="0">0</subfield>
    <subfield code="1">0</subfield>
    <subfield code="2">ddc</subfield>
    <subfield code="4">0</subfield>
    <subfield code="7">0</subfield>
    <subfield code="8">GENERAL</subfield>
    <subfield code="I">INV2017</subfield>
    <subfield code="a">Bogota</subfield>
    <subfield code="b">Bogota</subfield>
    <subfield code="d">2013-08-15</subfield>
    <subfield code="e">Instituto</subfield>
    <subfield code="g">39000.00</subfield>
    <subfield code="l">1</subfield>
    <subfield code="o">LB 637.3 A265a</subfield>
    <subfield code="p">058365</subfield>
    <subfield code="r">2014-12-09 00:00:00</subfield>
    <subfield code="s">2014-12-09</subfield>
    <subfield code="t">Ej. 1</subfield>
    <subfield code="w">2013-08-15</subfield>
    <subfield code="x">Donaci&#xF3;n</subfield>
    <subfield code="y">LIBRO</subfield>
  </datafield>
</record>
